Great American deserts. (Record no. 199)

MARC details
000 -LEADER
fixed length control field 00971cam a2200301 4500
005 - DATE AND TIME OF LATEST TRANSACTION
control field 20260322212010.0
008 - FIXED-LENGTH DATA ELEMENTS--GENERAL INFORMATION
fixed length control field data
010 ## - LIBRARY OF CONGRESS CONTROL NUMBER
LC control number 72075382
020 ## - INTERNATIONAL STANDARD BOOK NUMBER
International Standard Book Number 0870441078
020 ## - INTERNATIONAL STANDARD BOOK NUMBER
International Standard Book Number 9780870441073
040 ## - CATALOGING SOURCE
Original cataloging agency DLC
Transcribing agency DLC
Modifying agency DLC
043 ## - GEOGRAPHIC AREA CODE
Geographic area code n-ust--
050 00 - LIBRARY OF CONGRESS CALL NUMBER
Classification number F787
Item number .F5
082 00 - DEWEY DECIMAL CLASSIFICATION NUMBER
Classification number 917.9/02
092 ## - LOCALLY ASSIGNED DEWEY CALL NUMBER (OCLC)
Classification number 917.9 F5 1972
001 - CONTROL NUMBER
control field data
100 1# - MAIN ENTRY--PERSONAL NAME
Personal name Findley, Rowe.
245 10 - TITLE STATEMENT
Title Great American deserts.
Statement of responsibility, etc. Rowe Findley, Walter Meayers Edwards & National Geographic Society (U.S.).
260 ## - PUBLICATION, DISTRIBUTION, ETC.
Place of publication, distribution, etc. [Washington,
Name of publisher, distributor, etc. National Geographic Society,
Date of publication, distribution, etc. 1972.
300 ## - PHYSICAL DESCRIPTION
Extent 207 p.
Other physical details illus. (part col.)
Dimensions 27 cm.
504 ## - BIBLIOGRAPHY, ETC. NOTE
Bibliography, etc. note Bibliography: p. 207.
650 #0 - SUBJECT ADDED ENTRY--TOPICAL TERM
Topical term or geographic name entry element Deserts.
651 #0 - SUBJECT ADDED ENTRY--GEOGRAPHIC NAME
Geographic name Southwest, New
General subdivision Description and travel.
700 1# - ADDED ENTRY--PERSONAL NAME
Personal name Edwards, Walter Meayers,
Relator term illus.
710 2# - ADDED ENTRY--CORPORATE NAME
Corporate name or jurisdiction name as entry element National Geographic Society (U.S.).
Subordinate unit Special Publications Division.
740 ## - ADDED ENTRY--UNCONTROLLED RELATED/ANALYTICAL TITLE
Uncontrolled related/analytical title American deserts.
856 41 - ELECTRONIC LOCATION AND ACCESS
Materials specified Table of contents
Uniform Resource Identifier <a href="http://www.loc.gov/catdir/toc/fy0601/72075382.html">http://www.loc.gov/catdir/toc/fy0601/72075382.html</a>
Holdings
Withdrawn status Lost status Damaged status Not for loan Home library Current library Shelving location Date acquired Total checkouts Full call number Barcode Date last seen Price effective from Koha item type
        Centerville Centerville General stacks 22/03/2026   917.9/02 BC0010206 22/03/2026 22/03/2026 Books